Che Guevara (Registo nº 1285)

Detalhes MARC
000 -Etiqueta do registo
Cabeçalho 00539nam0a2200229 4500
005 - Identificador da versão
Campo de controlo 20240822202346.0
021 ## - Número do Depósito Legal
Código do país PT
Número B-6983-2011
100 ## - Dados gerais de processamento
Dados gerais de processamento 20120103d2011 a y0pory5003 ba
101 0# - Língua de publicação
Língua do texto, banda sonora, etc. Português
102 ## - Pais de publicação ou produção
País de publicação Portugal
105 ## - Campo de dados codificados: livros
Dados codificados dos livros y z 001yy
106 ## - Campo de dados codificados: material textual
Dados codificados do material textual r
200 1# - Titulo e menção de responsabilidade
Título próprio Che Guevara
Primeira menção de responsabilidade Frank Niess
210 ## - Publicação, Distribuição, etc. 
Lugar da edição, distribuição, etc. Lisboa
Nome do editor, distribuidor, etc. Expresso
Data da publicação, distribuição, etc. 2011
215 ## - Descrição física 
Indicação específica da natureza do documento e extensão da espécie 143 p.
Dimensões cm
225 2# - Colecção 
Título próprio da colecção A minha vida deu um livro
304 ## - Notas relativas a título e menção de responsabilidade 
Texto da nota Tít. orig.: Che Guevara
700 #1 - Nome de autor-pessoa física (responsabilidade principal)
Número de registo de entrada de autoridade 0001808
Palavra de ordem Niess
Outra parte do nome não tomada para palavra de ordem Frank
942 ## - Elementos de entrada adicionados (Koha)
Tipo de item no Koha Livro
966 ## - Identificação da Biblioteca
Sigla NUMETECA
Exemplares
Situação do levantamento Origin of item (home branch) (coded) Biblioteca de empréstimo Código de barras Cota Circulation type (not for loan) Tipo de documento Nota do exemplar Damaged status
  Biblioteca Escolar Eng. Nuno Mergulhão Biblioteca Escolar Eng. Nuno Mergulhão BENM3037 | 2011 92 GUE   Livro Sem mensagem